000 00609cam a2200205 4500
001 4429
005 20181127173358.0
008 101027s2010 enkb 000 1 eng
020 _a9780755347544 (hd.)
020 _a9780755347551 (pbk.)
042 _alcode
100 1 _aRutherford, Alex,
_d1948-
245 1 0 _aBrothers at war /
_cAlex Rutherford.
260 _aLondon :
_bHeadline Review,
_c2010.
300 _a496 p. :
_b1 map ;
_c24 cm.
490 0 _aEmpire of the Moghul
500 _aNovel.
651 0 _aMogul Empire
_xHistory
_y16th century
_vFiction.
651 0 _aMogul Empire
_xKings and rulers
_vFiction.
999 _c3664
_d3664